Entrenamiento total en suspensión: secretos de un entrenador personal
Saved in:
| Hovedforfatter: | |
|---|---|
| Format: | Bog |
| Sprog: | spansk |
| Udgivet: |
Badalona
Paidotribo
2016
|
| Udgivelse: | 1a. ed |
| Fag: | |
| Tags: |
Tilføj Tag
Ingen Tags, Vær først til at tagge denne postø!
|
MARC
| LEADER | 00000cam a2200000 a 4500 | ||
|---|---|---|---|
| 001 | UCC2215 | ||
| 003 | CL-VaPUC | ||
| 008 | 180114e20160000sp |||||||||||||||||spa|d | ||
| 020 | |a 9788499105789 | ||
| 082 | 0 | 4 | |a 612.044 |b BAR |2 21 |
| 100 | 0 | |a Barrett, Steve |e author |9 596330 | |
| 245 | 1 | 0 | |a Entrenamiento total en suspensión: secretos de un entrenador personal |
| 250 | |a 1a. ed | ||
| 300 | |a 168 p | ||
| 942 | |c BK | ||
| 945 | |d 20180114 20:51:00 |a dcastane | ||
| 260 | |a Badalona |b Paidotribo |c 2016 | ||
| 650 | 0 | |a Fisiología humana |9 269557 | |
| 650 | 7 | |a ENTRENAMIENTO ATLETICO |2 CL-VaPUC |9 596331 | |
| 650 | 0 | |a Deportes |9 224367 | |
| 650 | 0 | |a Ejercicios físicos |9 307296 | |
| 650 | 0 | |a Aptitud física |9 373835 | |
| 583 | |a last modification |c 20180114 20:51:00 |k Rodrigo Vera | ||
| 999 | |c 370452 |d 370450 | ||
| 952 | |0 0 |1 0 |3 erb |4 0 |6 612_044000000000000_BAR_2016 |7 0 |8 A |9 486944 |a BIBEDU |b BIBEDU |i 5447925 |o 612.044 BAR 2016 |p 5447925 |r 2019-11-24 |w 2019-11-24 |y BK |z Catalogado en:20180114 |k EFI | ||